000 00465nam a2200181Ia 4500
008 220216s9999 xx 000 0 und d
100 _aViswanathan P K
245 0 _aMore women need to enter plantation jobs
260 _bRubber Asia
_c2015
300 _a68-71
500 _aSource Year: 2015
650 _aLatex collection
650 _aRubber plantation jobs
650 _aSheet making
650 _aSkill development
650 _aTapping
942 _cJS
999 _c63260
_d63260